Journal article Open Access

Conference report: Scribal Identity and Agency: Scribes at Ugarit and Ancient Rome, Medieval Christianity and Islam, Monasticism in Ethiopia and Tibet, Oxford (online), 16–17 December 2021

Red.


MARC21 XML Export

<?xml version='1.0' encoding='UTF-8'?>
<record xmlns="http://www.loc.gov/MARC21/slim">
  <leader>00000nam##2200000uu#4500</leader>
  <datafield tag="542" ind1=" " ind2=" ">
    <subfield code="l">open</subfield>
  </datafield>
  <datafield tag="540" ind1=" " ind2=" ">
    <subfield code="u">https://creativecommons.org/licenses/by/4.0/legalcode</subfield>
    <subfield code="a">Creative Commons Attribution 4.0 International</subfield>
  </datafield>
  <datafield tag="980" ind1=" " ind2=" ">
    <subfield code="a">publication</subfield>
    <subfield code="b">article</subfield>
  </datafield>
  <datafield tag="520" ind1=" " ind2=" ">
    <subfield code="a">&lt;p&gt;Conference report: Scribal Identity and Agency: Scribes at Ugarit and Ancient Rome, Medieval Christianity and Islam, Monasticism in Ethiopia and Tibet, Oxford (online), 16&amp;ndash;17 December 2021&lt;/p&gt;</subfield>
  </datafield>
  <controlfield tag="005">20230531111319.0</controlfield>
  <datafield tag="024" ind1=" " ind2=" ">
    <subfield code="a">10.25592/uhhfdm.11548</subfield>
    <subfield code="2">doi</subfield>
  </datafield>
  <datafield tag="909" ind1="C" ind2="4">
    <subfield code="n">1</subfield>
    <subfield code="c">262-263</subfield>
    <subfield code="v">8</subfield>
    <subfield code="p">Comparative Oriental Manuscript Studies Bulletin</subfield>
  </datafield>
  <datafield tag="260" ind1=" " ind2=" ">
    <subfield code="c">2022-12-17</subfield>
  </datafield>
  <controlfield tag="001">11548</controlfield>
  <datafield tag="650" ind1="1" ind2="7">
    <subfield code="a">cc-by</subfield>
    <subfield code="2">opendefinition.org</subfield>
  </datafield>
  <datafield tag="909" ind1="C" ind2="O">
    <subfield code="o">oai:fdr.uni-hamburg.de:11548</subfield>
    <subfield code="p">user-uhh</subfield>
  </datafield>
  <datafield tag="245" ind1=" " ind2=" ">
    <subfield code="a">Conference report: Scribal Identity and Agency: Scribes at Ugarit and Ancient Rome, Medieval Christianity and Islam, Monasticism in Ethiopia and Tibet, Oxford (online), 16–17 December 2021</subfield>
  </datafield>
  <datafield tag="773" ind1=" " ind2=" ">
    <subfield code="a">10.25592/uhhfdm.11547</subfield>
    <subfield code="i">isVersionOf</subfield>
    <subfield code="n">doi</subfield>
  </datafield>
  <datafield tag="856" ind1="4" ind2=" ">
    <subfield code="s">213818</subfield>
    <subfield code="u">https://www.fdr.uni-hamburg.de/record/11548/files/comst-bulletin-8-1-262-263.pdf</subfield>
    <subfield code="z">md5:7f14fc0cac1842cca96c47cd99a2407b</subfield>
  </datafield>
  <datafield tag="041" ind1=" " ind2=" ">
    <subfield code="a">eng</subfield>
  </datafield>
  <datafield tag="653" ind1=" " ind2=" ">
    <subfield code="a">Manuscript studies</subfield>
  </datafield>
  <datafield tag="100" ind1=" " ind2=" ">
    <subfield code="a">Red.</subfield>
  </datafield>
  <datafield tag="980" ind1=" " ind2=" ">
    <subfield code="a">user-uhh</subfield>
  </datafield>
</record>

Cite record as